Série - Grey's anatomy - Quiz Personnages - acteurs - Statistiques

Statistiques générales
  • Ce quiz a été pris 686 fois
  • Le résultat moyen est 18 sur 26
Statistiques - réponses
Hint Réponse % Correct
Meredith Grey Ellen Pompeo
94%
Derek Shepherd Patrick Dempsey
94%
Cristina Yang Sandra Oh
86%
Jackson Avery Jesse Williams
80%
Mark Sloan Eric Dane
79%
Callie Torres Sara Ramírez
79%
Alex Karev Justin Chambers
78%
Jo Wilson Camilla Luddington
75%
Arizona Robbins Jessica Capshaw
75%
Addison Montgomery Kate Walsh
74%
Izzie Stevens Katherine Heigl
74%
Miranda Bailey Chandra Wilson
72%
April Kepner Sarah Drew
72%
George O'Malley T. R. Knight
71%
Lexie Grey Chyler Leigh
70%
Amélia Shepherd Caterina Scorsone
68%
Andrew DeLucca Giacomo Gianniotti
66%
Owen Hunt Kevin McKidd
66%
Preston Burke Isaiah Washington
65%
Richard Webber James Pickens Jr.
60%
Teddy Altman Kim Raver
55%
Ben Warren Jason Georges
48%
Maggie Pierce Kelly McCreary
44%
Stephanie Edwards Jerrika Hinton
43%
Levi Schmitt Jake Borelli
42%
Catherine Avery Debbie Allen
39%
Aucun quiz correspondant
Distribution des résultats
% des personnes avec chaque résultat
Percentile par nombre de réponses
Votre historique - résultats
Vous n’avez pas pris ce quiz